TVIP 2019: Týden výzkumu a inovací pro praxi a životní prostředí: Odpadové fórum 2019: voda, ovzduší, VaV pro oběhové hospodářství, agrochem 2019 příspěvky z mezinárodní konference, 19.3.-21.3.2019, (Hustopeče, Česko)

Salvato in:
Dettagli Bibliografici
Enti autori: TVIP 2019: Týden výzkumu a inovací pro praxi a životní prostředí. Mezinárodní konference, CEMC - České ekologické manažerské centrum
Natura: Libro
Lingua:ceco
slovacco
inglese
Pubblicazione: Praha CEMC - České ekologické manažerské centrum 2019
Edizione:1. vydání
Soggetti:
Tags: Aggiungi Tag
Nessun Tag, puoi essere il primo ad aggiungerne!!

MARC

LEADER 00000nlm a2200000 4500
001 0253045
005 20210329094457.8
020 |a 978-80-85990-33-1 
041 0 |a cze 
041 0 |a slo 
041 0 |a eng 
044 |a CZ 
245 1 0 |a TVIP 2019: Týden výzkumu a inovací pro praxi a životní prostředí: Odpadové fórum 2019: voda, ovzduší, VaV pro oběhové hospodářství, agrochem 2019  |b příspěvky z mezinárodní konference, 19.3.-21.3.2019, (Hustopeče, Česko) 
250 |a 1. vydání 
264 1 |a Praha  |b CEMC - České ekologické manažerské centrum  |c 2019 
300 |a online [300 s.] 
610 2 0 |a ekológia 
610 2 0 |a prostredie životné 
610 2 0 |a ochrana prostredia životného 
610 2 0 |a politika environmentálna 
610 2 0 |a inovácia 
610 2 0 |a výskum 
610 2 0 |a voda 
610 2 0 |a vzduch 
610 2 0 |a pôda 
610 2 0 |a odpad 
610 2 0 |a hospodárstvo odpadové 
610 2 0 |a agrochémia 
110 2 |a TVIP 2019: Týden výzkumu a inovací pro praxi a životní prostředí. Mezinárodní konference 
710 2 |a CEMC - České ekologické manažerské centrum